| 000 | 00897nam a22003017a 4500 | ||
|---|---|---|---|
| 001 | 7799 | ||
| 003 | FISKH | ||
| 005 | 20250807134010.0 | ||
| 008 | 250807b cb ||||| |||| 00| 0 eng d | ||
| 020 | _a9781574713121 | ||
| 040 |
_aFISKH _beng _cFISKH _dFISKH |
||
| 050 | _aPZ7 | ||
| 082 | _a372.4 | ||
| 100 | _aCicciarelli, Thrall Joellyn | ||
| 245 |
_aApron Annie in the garden / _cWritten by Joellyn Thrall Cicciarelli ; Illustrated by Joy Allen |
||
| 250 | _aThis edition first published in 1997 | ||
| 260 |
_aNew York : _bTeaching, _c1997 |
||
| 300 |
_a16 pages : _bcolor illustrations ; _c16 x 23 cm |
||
| 505 | _aE | ||
| 520 | _aAnnie having a happy life living in the garden | ||
| 521 | 8 |
_a270
_bLexile |
|
| 521 | 8 |
_aE
_bRaz-Plus |
|
| 650 |
_2Garden _aPlants |
||
| 650 |
_2Level G _aChildren |
||
| 700 |
_aAllen, Joy _dillustrator |
||
| 942 |
_2ddc _cBK _n0 |
||
| 999 |
_c7799 _d7799 |
||